000 01336nam a2200301 4500
003 NUST
005 20260506081110.0
008 260428b |||||||| |||| 00| 0 eng d
040 _aNUST
_beng
_cNUST
_dNUST
_erda
050 _aCD997.Z55 CHI
100 _aChizanga, Shadreck.
_eauthor.
245 _aAn assessment of records management practices at National Archives of Zimbabwe: Mutare Records Centre /
_cby Shadreck Chizanga.
260 _aBulawayo, Zimbabwe :
_bNational University of Science and Technology ,
_c©2024.
300 _axiii, 81 pages :
_cillustrations ;
_b30 cm.
336 _2rdacontent
_atext
_btxt
337 _2rdamedia
_aunmediated
_bn
338 _2rdacarrier
_avolume
_bnc
500 _aA research project submitted to the National University of Science and Technology in partial fulfilment of the Master of Science degree in Records and Archives Management.
501 _00MSS
504 _aIncludes bibliographical references.
650 _aArchives
_xManagement
_zZimbabwe.
650 _aRecords management
_zMutare, Zimbabwe.
650 _aGovernment archives
_zZimbabwe.
650 _aInformation resources management
_zZimbabwe.
650 _aNational Archives of Zimbabwe (Mutare Records Centre).
700 _aDr S Chabikwa.
_esupervisor.
942 _2lcc
_n0
_c3HOUR
_hCD997.Z55
_kCD
_mCHI
999 _c172800
_d172800